01566nam a2200349 a 4500001001000000003000500010005001700015008004100032010001100073011001100084040000900095090001000104100005800114245019200172260004100364500006000405502008600465590004100551590004000592590004000632650004100672650004100713650004100754700004000795856007000835901000700905942001000912942000600922999001900928952013700947952013201084000112883CHAP20240418105913.0170130s2016 mx sm |||||||spa d a109344 a110316 cCHAP aTesis1 aCrescencio Damián, María de los Ángeles913140110aCaracterización de harina elaborada a base de subproductos derivados del sacrificio de cerdosh[En línea]cpor María de los Angeles Crescencio Damián y Oscar Palacios Alcántara. aChapingo, Méx. :bEl autor,c2016. aPara ver el contenido del material haga clic en la liga aTesis (Ing. Agroindustrial ) -- UACH. Departamento de Ingeniería Agroindustrial aBATCH-UPDb05c20170130lUCH01h1228 aE5765TAJb05c20170130lUCH01h1227 aE5765TAJb05c20170130lUCH01h122814aÁcidos grasosxAnálisis.913059814aGanado porcinoxSubproductos.94540914aHarina de cerdoxAnálisis.91314031 aPalacios Alcántara, Oscar9131402 aFinding aiduhttp://10.13.5.2/tesis/sist112883.pdfzTeclea aquí aBK cTESIS n0 c109344d109344 00102local4051708TESISaBCbBCcPA_TESISd2017-01-30fTESISl0oTesisp33724002535777r2019-12-31 00:00:00tc.2w2017-01-30yCD 00102local4051718TESISaBCbBCcPA_TESISd2017-01-30fTESISl0oTesisp33724002535819r2019-12-31 00:00:00w2017-01-30yCD